000 00619nam a2200277Ia 4500
001 Z_1559
003 CHAP
008 220113s1990 xx 000 0 und d
010 _a164647
040 _cCHAP
082 _a633.1 R6
100 _aRobles Sánchez, Raúl
_998118
245 _aProducción de granos y forrajes /
_cpor Raúl Robles Sánchez
260 _aMéxico :
_bLimusa,
_c1990
300 _a664 p.; ilus
440 _a
500 _a
503 _a
650 _aForrajes I. t.
_9138369
901 _a633.1 R6
902 _aA
910 _a1990
942 _c1
942 _cc1
999 _c164647
_d164647